Planting quality timber trees in Peninsular Malaysia : a review

Bibliographic Details
Main Author: APPANAH
Corporate Author: Forest Research Institute Malaysia (FRIM)
Other Authors: Weinland
Format: Book
Published: Kuala Lumpur : Institut Penyelidikan Perhutanan Malaysia , 1993
Series:Malayan forest record; n. 38
Subjects:

MARC

LEADER 00000cam a2200000 7i4500
001 0000001691
005 20030524.0
020 0 0 |a 9839592181 
090 0 0 |a 634.9095951   |b APP 1993 
100 1 0 |a APPANAH   |h S. 
245 1 0 |a Planting quality timber trees in Peninsular Malaysia :   |b a review   |c S. Appanah & G. Weinland 
260 0 0 |a Kuala Lumpur :   |b Institut Penyelidikan Perhutanan Malaysia ,   |c 1993 
300 |a 221 p., col. plates ;   |c 23 cm. 
440 0 0 |a Malayan forest record; n. 38 
500 0 0 |a Bibliography : (p. 183-191) and index 
650 0 0 |a Forests and forestry   |z Peninsular Malaysia 
650 0 0 |a Timber   |z Peninsular Malaysia 
650 0 0 |a Tree planting   |z Peninsular Malaysia 
700 0 1 |a Weinland   |h G. 
710 1 1 |a Forest Research Institute Malaysia (FRIM) 
998 |a JPSM 
999 |a 0000004198   |b Monograph   |c Open Shelf   |e Default branch